Movies Quiz

Random Movies or Actress Quiz
Score 0/40 Timer 08:00
1 Play Today
Director/Actor Movie % Correct
Steven Spielberg & Drew BarrymoreE.T.: The Extra-Terrestrial
83.2%
Christopher Nolan & Katie HolmesBatman Begins
71.3%
Quentin Tarantino & Christopher WalkenPulp Fiction
67.1%
Stanley Kubrick & Jack NicholsonThe Shining
66.7%
David Fincher & Edward NortonFight Club
64.8%
Ridley Scott & Joaquin PhoenixGladiator
62.4%
Ang Lee & Jake GyllenhaalBrokeback Mountain
61.7%
M. Night Shyamalan & Mel GibsonSigns
58.4%
Peter Jackson & Jack BlackKing Kong
58.1%
Francis Ford Coppola & Martin SheenApocalypse Now
56.8%
Guy Ritchie & Brad PittSnatch.
54.8%
Rob Reiner & Meg RyanWhen Harry Met Sally...
54.3%
Tim Burton & Alec BaldwinBeetlejuice
53.8%
Kevin Smith & Salma HayekDogma
53.2%
Cameron Crowe & Cuba Gooding, Jr.Jerry Maguire
51.9%
Oliver Stone & Tom CruiseBorn on the Fourth of July
50.9%
George Lucas & Ron HowardAmerican Graffiti
50.5%
James Cameron & Jamie Lee CurtisTrue Lies
49.1%
Baz Luhrmann & Ewan McGregorMoulin Rouge!
49%
Wes Anderson & Gene HackmanThe Royal Tenenbaums
47.4%
Director/Actor Movie % Correct
Judd Apatow & Adam SandlerFunny People
47%
Mel Brooks & John CandySpaceballs
45.7%
Penny Marshall & MadonnaA League of Their Own
44.2%
Gus Van Sant & Robin WilliamsGood Will Hunting
43.4%
David Lean & Peter O'TooleLawrence of Arabia
43.1%
David Lynch & Dennis HopperBlue Velvet
42%
Martin Scorsese & Cate BlanchettThe Aviator
40.9%
Alfonso CuarĂ³n & Clive OwenChildren of Men
40.9%
Clint Eastwood & Angelina JolieChangeling
39.7%
Ben Affleck & Jeremy RennerThe Town
39.6%
Ben Stiller & Roberty Downey Jr.Tropic Thunder
38.7%
Alfred Hitchcock & Eva Marie SaintNorth By Northwest
35.8%
Spike Jonze & John CusackBeing John Malkovich
35.7%
Roman Polanski & Faye DunawayChinatown
35.1%
Coen Brothers & Philip Seymour HoffmanThe Big Lebowski
30.7%
Frank Capra & Clark GableIt Happened One Night
24.1%
Spike Lee & Jodie FosterInside Man
22.7%
Ron Howard & Jim CarreyHow the Grinch Stole Christmas
22.5%
Nora Ephron & Meryl StreepJulie & Julia
21.5%
Robert Zemeckis & Harrison FordWhat Lies Beneath
11.4%
Remove Ads.
Support Sporcle.
Get the best of Sporcle when you Go Orange. This ad-free experience offers more features, more stats, and more fun while also helping to support Sporcle. Thank you for becoming a member.

You're not logged in!

Compare scores with friends on all Sporcle quizzes.
OR
Log In

Sporcle TV

Today on Sporcle TV


Watch our educational content, quiz creation guides, and fun videos on Sporcle TV.

Show Comments

Extras

Top Quizzes Today


Score Distribution

Paid Content

Your Account Isn't Verified!

In order to create a playlist on Sporcle, you need to verify the email address you used during registration. Go to your Sporcle Settings to finish the process.

Report this User

Report this user for behavior that violates our Community Guidelines.

Details: